000 00389nam a22001697a 4500
005 20160623112556.0
008 160623b xxu||||| |||| 00| 0 eng d
020 _a0-19-569087-7
041 _aeng
082 _b9092
100 _aBedi, Kaniska
_92567
245 _aProduction and Operations Mgt.
260 _bOxford
_c2008
300 _a737
650 _aManagement
_9241
942 _cBK
999 _c3662
_d3661